| 000 | 01162nam a2200337 a 4500 | ||
|---|---|---|---|
| 001 | 000035497 | ||
| 003 | DO-SdBNP | ||
| 005 | 20240318095004.0 | ||
| 008 | 111102s1994 sp 000 0 spa d | ||
| 020 | _a8475093310 | ||
| 040 |
_aDO-SdBNP _bspa _cBNPHU |
||
| 082 |
_axxxx _bxxxx |
||
| 245 | 0 | 0 |
_aAl frente de la organización : _bestrategia y táctica / _cMara Selvini Palazzoli ... [et al.]. |
| 260 |
_aBarcelona, : _bPaidos, _c1994. |
||
| 300 |
_a270 p. ; _c22 cm. |
||
| 490 | 0 |
_aGrupos e Instituciones ; _v14 ; |
|
| 500 | _aLa biblioteca posee la 2da. reimpresión de 1994 | ||
| 504 | _aIncluye referencias bibliográficas y notas al pie de las páginas | ||
| 504 | _aBibliografía : p. 267-270 | ||
| 534 | _aSul Fronte Dell´organizzazione, Strategie e tattiche / | ||
| 590 | _aInventariado, 2019/ YL | ||
| 700 | 1 |
_aAnoli, Luigi _961372 |
|
| 700 | 1 |
_aDi Blasio, Paola _961373 |
|
| 700 | 1 |
_aGiossi, Lucia _961374 |
|
| 700 | 1 |
_aPisano, Innocenzo _961375 |
|
| 700 | 1 |
_aRicci, Carlo _961376 |
|
| 700 | 1 |
_aSacchi, Marica _961377 |
|
| 700 | 1 |
_aUgazio, Valeria _961378 |
|
| 700 | 1 |
_aAnastasi Lonné, Beatriz E. de, _etr. _961379 |
|
| 942 |
_2ddc _cLBS1 |
||
| 999 |
_c34988 _d34988 |
||